000 00766nam a22002057a 4500
999 _c13535
_d13535
003 AR-CdUCM
008 190415b ||||| |||| 00| 0 spa d
040 _aMUNICIPALIDAD PROVINCIAL DEL CUSCO
_cBIBLIOTECA MUNICIPAL DEL CUSCO
082 _a985.612 /
_bV32
100 _aVargas P., Ernesto
_97657
245 _aQorikancha:
_btemplo de la cosmología inka /
260 _aCusco :
_bImpr. Edmundo Pantigozo,
_c2000.
300 _a260 páginas ;
_bIlustraciones,
_c21 cm.
505 _aContenido: Qellqa de Qorikancha -- Análisis del qellqa de Pachakuti yamki -- Orqorara -- Wiraqocha pachayachachiqpa unanchan ...
650 _aQorikancha
_930993
650 _aIdeología andina
_931993
650 _aInkas
_91899
942 _2ddc
_cLIBROS
945 _aacv
_d2019-04-15